| 000 | 01018nam0a2200265 4500 | ||
|---|---|---|---|
| 001 | RU\NLR\ONL1\20697 | ||
| 005 | 20251118181818.6 | ||
| 035 | _a(NLR Aleph) 010206421 | ||
| 090 |
_a10254192 _c10254192 |
||
| 100 | _a20121005d1930 u y0rusy50 ca | ||
| 101 | 0 | _akom | |
| 102 | _aRU | ||
| 105 | _aa ||||||||| | ||
| 200 | 1 |
_aСтав вын пjатiлеткалыс коjмöd воса программа тыртöм вылö _fСтавсоjузса коммунiст (болшевiк) партijалöн Тсентралнöj Комiтет |
|
| 210 |
_aСыктывкар _cКомi нiга лезанiн _d1930 |
||
| 215 |
_a30 с. _cил. _d18 |
||
| 541 | 1 |
_aВсе силы на выполнение программы третьего года пятилетки _eобращение ЦК ВКП(б) _zrus |
|
| 686 | 1 | _aФ61(2)43 | |
| 801 | 0 |
_aRU _bNLR _c20121005 _gPSBO |
|
| 852 |
_aNLR _bОНЛ _jКоми-з./2-1091 |
||
| 899 | _aНБ | ||
| 942 | _cBOOK | ||
| 980 | _aNB | ||